00826nam a22002297a 4500003000400000020001500004082002000019245006600039260006100105300001300166546001200179650003300191650003200224650005500256650007300311700001600384700001400400700001700414942001200431999001900443952013400462OSt a8171640559 a630.715bSUM/EX aTextbook on family approach in extension programme management aNew DelhibIndian Council of Agricultural Researchc2012 av, 227p. aEnglish aFocus on extension education aorganization and management aExtension education for human resource development aInformation education delivery and evaluation in extension education a Sumita Roy aTej Verma aPushpa Gupta 2ddccBK c160221d160221 00102ddc40708GenaKAUCLVbKAUCLVcGENERALd2018-05-07g300.00l1o630.715 SUM/TEp227987r2019-06-19 00:00:00s2019-05-22yBK